[Event "32nd ch-BAN"]
[Site "Dhaka BAN"]
[Date "2006.03.19"]
[Round "9"]
[White "Abdulla,AlR"]
[Black "Reefat,S"]
[Result "1-0"]
[WhiteElo "2477"]
[BlackElo "2478"]
[EventDate "2006.03.10"]

1. d4 e6 2. Nf3 Nf6 3. c4 c5 4. Nc3 cxd4 5. Nxd4 a6 6. g3 Qc7 7. Bg2 Qxc4
8. Bf4 Nc6 9. Nb3 d5 10. O-O Qb4 11. Rc1 Be7 12. Bc7 Bd8 13. a3 Qe7 14. Bf4
O-O 15. e4 e5 16. exd5 exf4 17. dxc6 fxg3 18. hxg3 bxc6 19. Re1 Qa7 20. Nd4
Bd7 21. Na4 Rb8 22. Nxc6 Bxc6 23. Rxc6 h5 24. Bf3 Bb6 25. Nxb6 Rxb6 26. Qd4
Rb7 27. Qxa7 Rxa7 28. Re5 a5 29. Rb5 Rd8 30. a4 Rd4 31. b3 h4 32. gxh4 Rxh4
33. Rcc5 Rd7 34. Rc3 Re7 35. Kf1 Ne4 36. Bxe4 Rexe4 37. Rxa5 Rh1+ 38. Kg2
Reh4 39. Rac5 R4h2+ 40. Kg3 Kh7 41. Re3 Kg6 42. Kf3 Rf1 43. Rc2 f5 44. Kg3
Rhh1 45. Kf4 Rh4+ 46. Ke5 f4 47. Re4 Kg5 48. a5 Rh8 49. Kd4 Kg4 50. b4 Rd8+
51. Kc3 Kf3 52. Rd4 Ra8 53. Rdd2 g5 54. Rd5 Rc8+ 55. Rc5 Rg8 56. b5 g4 57.
b6 Rxf2 58. Rxf2+ Kxf2 59. b7 1-0

[Event "32nd ch-BAN"]
[Site "Dhaka BAN"]
[Date "2006.03.19"]
[Round "9"]
[White "Hasan,Me"]
[Black "Rahman,SM"]
[Result "1-0"]
[WhiteElo "2349"]
[BlackElo "2273"]
[EventDate "2006.03.10"]

1. e4 c5 2. Nf3 Nc6 3. d4 cxd4 4. Nxd4 e6 5. Nc3 Qc7 6. Be3 a6 7. Qd2 Nf6
8. f3 Na5 9. g4 d6 10. O-O-O Be7 11. h4 Nc4 12. Bxc4 Qxc4 13. h5 h6 14. Nb3
Qc7 15. g5 hxg5 16. Bxg5 Rxh5 17. Rxh5 Nxh5 18. Bxe7 Qxe7 19. Qxd6 Qxd6 20.
Rxd6 Ke7 21. Rb6 Kd8 22. a4 Kc7 23. a5 Bd7 24. Kd2 Rg8 25. Nc5 Bc6 26. Ne2
e5 27. c4 g5 28. Nc3 g4 29. fxg4 Rxg4 30. Nd5+ Kb8 31. Nxa6+ Ka7 32. Nc5
Ng3 33. Nc3 Nxe4+ 34. N5xe4 Bxe4 35. Nb5+ Kb8 36. Nd6 Bh1 37. Kc3 f6 38. c5
Rg7 39. a6 Ka7 40. Nb5+ Ka8 41. Rxf6 bxa6 42. Rxa6+ Kb8 43. Re6 Rg3+ 44.
Kb4 Rb3+ 45. Kxb3 Bd5+ 46. Kb4 Bxe6 47. Nc3 Kc7 48. Kb5 Bd7+ 49. Kc4 Be6+
50. Kd3 Bf5+ 51. Ke3 Kc6 52. b4 Bg6 53. Kf3 Bf5 54. Kg3 Be6 55. Kf2 Bd7 56.
Ke3 Bf5 57. Kf3 Kb7 58. Nd5 Bc2 59. Ke3 Kc6 60. Ne7+ Kb5 61. c6 Kb6 62. b5
Kc7 63. Nd5+ Kc8 64. b6 Bf5 1-0

[Event "32nd ch-BAN"]
[Site "Dhaka BAN"]
[Date "2006.03.19"]
[Round "9"]
[White "Murshed,N"]
[Black "Rahman,Zia"]
[Result "1/2-1/2"]
[WhiteElo "2460"]
[BlackElo "2557"]
[EventDate "2006.03.10"]

1. Nf3 g6 2. d4 Bg7 3. g3 d6 4. Bg2 Nd7 5. c4 e5 6. Nc3 Ne7 7. O-O O-O 8.
e4 exd4 9. Nxd4 Nc6 10. Nde2 a5 11. h3 Nc5 12. Be3 Be6 13. b3 Qc8 14. Kh2
f5 15. exf5 Bxf5 16. Bxc5 dxc5 17. Qd5+ Kh8 18. Qxc5 Nb4 19. Nd5 Bd3 20.
Nef4 Bxf1 21. Rxf1 Rf7 22. a4 Nc6 23. Rd1 Qf5 24. Qe3 Qe5 25. Qd2 Re8 26.
Ne3 Nd4 27. Ng4 Qc5 28. Qd3 c6 29. Be4 Qg5 30. Kg2 Nf5 31. Bxf5 Rxf5 32.
Qd7 Qe7 33. Ne3 Qe4+ 34. Kg1 Re7 35. Qd3 Qxd3 36. Rxd3 Rf8 37. Ng4 Bb2 38.
Kg2 Ba3 39. h4 Bc1 40. Nh3 Kg7 41. Rd1 h5 42. Nh2 Bh6 43. f4 Re2+ 44. Nf2
Rb2 45. Nf3 Rxb3 46. Ne5 Rxg3+ 47. Kxg3 Bxf4+ 48. Kg2 Bxe5 49. Rb1 Rf7 50.
Ne4 Bf6 51. Nd6 Re7 52. Nxb7 Re5 53. Rh1 Rf5 54. c5 Bc3 55. Rd1 Bb4 56.
Rd7+ Rf7 57. Rxf7+ Kxf7 58. Nd8+ Ke8 59. Nxc6 Bc3 60. Na7 Be1 61. Nc6 Bc3
62. Na7 Kd8 63. Kf3 Be1 64. Nc6+ Kc7 65. Ne5 Bxh4 66. Nxg6 Bg5 67. Ne5 Bf6
68. Nc4 1/2-1/2

[Event "32nd ch-BAN"]
[Site "Dhaka BAN"]
[Date "2006.03.19"]
[Round "9"]
[White "Hossain,D"]
[Black "Hossain,Enay"]
[Result "1/2-1/2"]
[WhiteElo "2136"]
[BlackElo "2110"]
[EventDate "2006.03.10"]

1. e4 e6 2. d4 d5 3. Nd2 Nf6 4. e5 Nfd7 5. Bd3 c5 6. c3 Nc6 7. Ne2 Qb6 8.
Nf3 cxd4 9. cxd4 Bb4+ 10. Bd2 Bxd2+ 11. Qxd2 Qb4 12. a3 Qxd2+ 13. Nxd2 a6
14. Rc1 Nb6 15. b3 Bd7 16. Rc3 Ke7 17. f4 Rac8 18. Kf2 f6 19. Ke3 fxe5 20.
fxe5 Be8 21. Rhc1 Kd7 22. b4 Bg6 23. b5 Nb8 24. bxa6 Rxc3 25. Rxc3 Bxd3 26.
Kxd3 Nxa6 27. Rb3 Kc6 28. Nf4 Re8 29. Nf3 Na4 30. h4 Nc7 31. Rb4 Nb6 32.
Rb3 Nc4 33. a4 Ra8 34. Ng5 Rxa4 35. Ngxe6 Ra2 36. Nxc7 Kxc7 37. Ne6+ Kc8
38. Nf4 Nb2+ 39. Kc3 Nd1+ 40. Kb4 Kd7 41. Nxd5 Rxg2 42. Kc5 Rc2+ 43. Kb6
Rc4 44. Rb4 Ne3 45. Rxc4 Nxc4+ 46. Kxb7 Nxe5 47. Nb6+ Ke6 48. Kc7 Nf7 49.
d5+ Ke5 50. Kc6 g6 51. Nd7+ Kf5 52. Nf8 h6 53. Kd7 g5 54. h5 g4 55. Ke7 Ne5
56. d6 g3 57. Ne6 Nc6+ 58. Kd7 g2 59. Kxc6 g1=Q 60. d7 Qc1+ 61. Kd5 Qh1+
62. Kc5 Kxe6 63. d8=Q Qxh5+ 64. Kc4 Qe2+ 65. Qd3 Qg4+ 66. Kc3 h5 67. Kd2
Ke5 68. Qe3+ Kf5 69. Qc5+ Kf6 70. Qd6+ Kf5 71. Qc5+ Ke6 72. Ke1 Qg3+ 73.
Qf2 Qh3 74. Ke2 Qg4+ 75. Qf3 Ke5 76. Kf2 Ke6 77. Qxg4+ hxg4 78. Kg3 Kf5 79.
Kg2 Kf4 1/2-1/2

[Event "32nd ch-BAN"]
[Site "Dhaka BAN"]
[Date "2006.03.19"]
[Round "9"]
[White "Hasan Md,E"]
[Black "Abdul,Mal"]
[Result "1-0"]
[WhiteElo "2147"]
[BlackElo "2233"]
[EventDate "2006.03.10"]

1. e4 d5 2. exd5 Qxd5 3. Nc3 Qd6 4. d4 Nf6 5. Nf3 a6 6. Be2 Bf5 7. O-O Nc6
8. h3 Nb4 9. Bg5 h6 10. Bh4 Rd8 11. Bg3 Qb6 12. Na4 Qc6 13. Nc5 e6 14. Ne5
Qd5 15. c4 Qxd4 16. Nxb7 Qxd1 17. Bxd1 Rb8 18. Ba4+ Ke7 19. Na5 Ra8 20.
Rad1 Nxa2 21. Nec6+ 1-0

[Event "32nd ch-BAN"]
[Site "Dhaka BAN"]
[Date "2006.03.20"]
[Round "10"]
[White "Abu Sufian,S"]
[Black "Abdul,Mal"]
[Result "1/2-1/2"]
[WhiteElo "2278"]
[BlackElo "2233"]
[EventDate "2006.03.10"]

1. e4 Nc6 2. Nf3 d6 3. d4 Bg4 4. c3 Nf6 5. Bd3 e5 6. d5 Ne7 7. h3 Bd7 8.
Bg5 Ng6 9. c4 Be7 10. Nc3 h6 11. Be3 O-O 12. Qd2 Nh5 13. Ne2 c6 14. g4 Nhf4
15. Nxf4 exf4 16. Bxf4 cxd5 17. exd5 Nxf4 18. Qxf4 Bg5 19. Nxg5 hxg5 20.
Qxd6 Qa5+ 21. Kf1 Qd2 22. Qg3 f5 23. Kg2 fxg4 24. hxg4 Rf4 25. Rad1 Qxb2
26. Bh7+ Kf8 27. Bf5 Bxf5 28. gxf5 Kf7 29. Rhe1 Qc2 30. Qe3 Qxc4 31. Qe6+
Kf8 32. Qe7+ Kg8 33. Qe6+ Kf8 34. Qe7+ Kg8 35. Qe6+ Kf8 1/2-1/2

[Event "32nd ch-BAN"]
[Site "Dhaka BAN"]
[Date "2006.03.20"]
[Round "10"]
[White "Hossain,Enay"]
[Black "Hasan Md,E"]
[Result "1-0"]
[WhiteElo "2110"]
[BlackElo "2147"]
[EventDate "2006.03.10"]

1. d4 d6 2. Bf4 g6 3. Nf3 Nf6 4. Nbd2 Bg7 5. e4 O-O 6. Bc4 d5 7. exd5 Nxd5
8. Be5 Bxe5 9. dxe5 Nf4 10. g3 Nh5 11. Qe2 Nc6 12. O-O-O Bg4 13. h3 Bc8 14.
Qe3 Ng7 15. g4 Be6 16. Qh6 f6 17. Ne4 Bxc4 18. Rxd8 Raxd8 19. h4 Nd4 20.
exf6 exf6 21. Nxd4 Rxd4 22. Qe3 c5 23. Nxc5 Rxg4 24. Nd7 Rf7 25. f3 Rg2 26.
Qe4 Nf5 27. Qxc4 Ne3 28. Nxf6+ Kf8 29. Qc5+ Re7 30. Nxh7+ Ke8 31. Qc8+ Kf7
32. Ng5+ Kg7 33. Ne6+ Kf7 34. Nd4 Rf2 35. h5 gxh5 36. Rg1 Rf1+ 37. Rxf1
Nxf1 38. Qf5+ Ke8 39. Qxh5+ Kd8 40. Qd5+ 1-0

[Event "32nd ch-BAN"]
[Site "Dhaka BAN"]
[Date "2006.03.20"]
[Round "10"]
[White "Rahman,Zia"]
[Black "Hossain,D"]
[Result "1-0"]
[WhiteElo "2557"]
[BlackElo "2136"]
[EventDate "2006.03.10"]

1. d4 Nf6 2. Nf3 g6 3. c4 Bg7 4. g3 O-O 5. Bg2 e6 6. O-O d5 7. Nc3 c6 8. b3
Nbd7 9. Bf4 Re8 10. Qc2 a6 11. e4 dxe4 12. Nxe4 Nxe4 13. Qxe4 c5 14. Bg5
Qc7 15. Rad1 f5 16. Qh4 cxd4 17. Nxd4 Nf8 18. Rfe1 e5 19. Bd5+ Kh8 20. Bf6
Bxf6 21. Qxf6+ Qg7 22. Qd6 Qe7 23. Qxe7 Rxe7 24. c5 Kg7 25. b4 Kf6 26. Nb3
Be6 27. Na5 Bxd5 28. Rxd5 Rae8 29. Rd6+ Ne6 30. Rb6 Rb8 31. c6 e4 32. cxb7
Kf7 33. Rd1 Ng5 34. Nc6 Nf3+ 35. Kg2 Re6 36. Nxb8 Rxb6 37. Nc6 1-0

[Event "32nd ch-BAN"]
[Site "Dhaka BAN"]
[Date "2006.03.20"]
[Round "10"]
[White "Rahman,SM"]
[Black "Murshed,N"]
[Result "1-0"]
[WhiteElo "2273"]
[BlackElo "2460"]
[EventDate "2006.03.10"]

1. e4 g6 2. d4 Bg7 3. Nc3 d6 4. f4 c6 5. Nf3 Bg4 6. Be3 Qb6 7. Qd2 Nd7 8.
O-O-O Qc7 9. h3 Bxf3 10. gxf3 b5 11. Kb1 Nb6 12. Bd3 Nf6 13. Rhg1 Bh6 14.
Rde1 O-O-O 15. Ne2 Kb8 16. Rc1 Ka8 17. c4 bxc4 18. Bxc4 Nxc4 19. Rxc4 d5
20. Ra4 Rb8 21. Rc1 Rb7 22. Qc2 Rhb8 23. b3 Rb6 24. Bd2 Qc8 25. Qc5 Qb7 26.
Qc2 e6 27. Ba5 Rb5 28. e5 Nh5 29. Qxc6 Nxf4 30. Qxb7+ R5xb7 31. Nxf4 Bxf4
32. Rc6 Bg5 33. Kc2 Bd8 34. Bxd8 Rxd8 35. Ra5 Re7 36. Rb5 Rb8 37. a4 Rxb5
38. axb5 Kb7 39. Kc3 g5 40. Kb4 h5 41. Kc5 Rd7 42. b4 Rd8 43. b6 axb6+ 44.
Rxb6+ Kc7 45. b5 Rg8 46. Ra6 Kb7 47. Rd6 Rc8+ 48. Rc6 Ra8 49. Rb6+ Kc7 50.
Ra6 Rg8 51. Ra7+ Kb8 52. Kb6 f5 53. Ra2 g4 54. hxg4 hxg4 55. fxg4 fxg4 56.
Rg2 Rg5 57. Rg3 Rg7 58. Kc6 Rg6 59. Kb6 Rg7 60. Kc6 Rg6 61. b6 Rg7 62. Kd6
Rg6 63. Ke7 Kb7 64. Kf7 Rh6 65. Rxg4 Kxb6 66. Rg6 Rh4 67. Kxe6 Rxd4 68. Kd6
Ra4 69. e6 d4 70. Rg4 Rc4 71. e7 Rc6+ 72. Kd5 Rc5+ 73. Kxd4 Rc8 74. Re4 Re8
75. Kd5 Kc7 76. Ke6 Rh8 77. Rc4+ 1-0

[Event "32nd ch-BAN"]
[Site "Dhaka BAN"]
[Date "2006.03.20"]
[Round "10"]
[White "Reefat,S"]
[Black "Hasan,Me"]
[Result "1-0"]
[WhiteElo "2478"]
[BlackElo "2349"]
[EventDate "2006.03.10"]

1. e4 c5 2. b3 d6 3. Bb2 Nc6 4. Bb5 a6 5. Bxc6+ bxc6 6. d3 e5 7. Ne2 Nf6 8.
O-O Be7 9. Qe1 g5 10. Nd2 Nh5 11. Nc4 Rg8 12. Qa5 Rg6 13. Qxd8+ Bxd8 14.
Rad1 Bc7 15. Rfe1 Kf8 16. c3 Nf6 17. Ng3 Bg4 18. Rc1 Be6 19. Nd2 Ba5 20.
Ba3 Nd7 21. Nf5 d5 22. Ng3 Kg8 23. Re2 Rb8 24. Nf5 Bxf5 25. exf5 Rg7 26.
Nf1 f6 27. c4 Bb4 28. Bxb4 Rxb4 29. Ne3 d4 30. Nf1 a5 31. Ng3 Re7 32. Rb1
Re8 33. Ne4 Reb8 34. Reb2 a4 35. f3 Kf7 36. Kf2 Ke7 37. Kg3 Kf7 38. Kg4 Kg7
39. Kh5 R4b6 40. g3 h6 41. Kg4 Rb4 42. h4 R4b6 43. Kh3 Rb4 44. f4 gxf4 45.
gxf4 axb3 46. axb3 Kh8 47. fxe5 Nxe5 48. Nxc5 Rg8 49. Rg2 Rxg2 50. Kxg2 Rb8
51. b4 Rg8+ 52. Kh3 Nf3 53. b5 cxb5 54. cxb5 Ng1+ 55. Kh2 Nf3+ 56. Kh1 Re8
57. Ne4 Rc8 58. Kg2 Nxh4+ 59. Kh3 Nxf5 60. b6 Ne7 61. b7 Rb8 62. Nxf6 Nc6
63. Nd7 Rd8 64. b8=Q 1-0

[Event "32nd ch-BAN"]
[Site "Dhaka BAN"]
[Date "2006.03.20"]
[Round "10"]
[White "Haque,R1"]
[Black "Abdulla,AlR"]
[Result "0-1"]
[WhiteElo "2193"]
[BlackElo "2477"]
[EventDate "2006.03.10"]

1. Nf3 d5 2. d3 Nc6 3. c3 e5 4. e4 Nf6 5. Qc2 Be7 6. Bg5 Be6 7. Be2 Nh5 8.
Bxe7 Qxe7 9. g3 O-O 10. O-O f5 11. Nbd2 dxe4 12. dxe4 f4 13. b4 Qf6 14. Bc4
Kh8 15. b5 Nd8 16. Bxe6 Nxe6 17. g4 Qg6 18. Nxe5 Qh6 19. Ndf3 Nf6 20. h4
Nc5 21. Rfe1 Rae8 22. Rad1 Re7 23. Qb1 Rxe5 24. Nxe5 Qxh4 25. Qb4 b6 26.
Qc4 Nxg4 27. Qd4 Qh2+ 28. Kf1 Ne6 0-1

[Event "32nd ch-BAN"]
[Site "Dhaka BAN"]
[Date "2006.03.20"]
[Round "10"]
[White "Ahmed,SN"]
[Black "Hossain,Enam"]
[Result "0-1"]
[WhiteElo "2321"]
[BlackElo "2468"]
[EventDate "2006.03.10"]

1. e4 c5 2. Nf3 Nc6 3. d4 cxd4 4. Nxd4 Nf6 5. Nc3 e5 6. Ndb5 d6 7. Bg5 a6
8. Na3 b5 9. Nd5 Be7 10. Bxf6 Bxf6 11. c3 O-O 12. Nc2 Rb8 13. Ncb4 Bb7 14.
Nxc6 Bxc6 15. Be2 Bg5 16. O-O a5 17. Qd3 Qd7 18. Bf3 Qb7 19. Rad1 Rbd8 20.
g3 b4 21. c4 Bh6 22. Qe2 Kh8 23. Bg2 g6 24. Kh1 Bg7 25. Rd3 f5 26. Rfd1 Qa7
27. Kg1 Bh6 28. Rf3 Bd7 29. Bh3 Be6 30. b3 Bxd5 31. Rxd5 fxe4 32. Rxf8+
Rxf8 33. Rxd6 e3 34. fxe3 Bxe3+ 35. Kh1 Bd4 36. Qe4 Qf7 37. Rxd4 exd4 38.
Qxd4+ Qf6 39. Qxf6+ Rxf6 40. Kg2 Rd6 41. Kf3 Rd2 42. Ke4 Rxa2 43. c5 Rc2
44. Kd5 Kg7 45. Bd7 Kf6 46. h4 Ke7 0-1

[Event "32nd ch-BAN"]
[Site "Dhaka BAN"]
[Date "2006.03.21"]
[Round "11"]
[White "Hossain,Enam"]
[Black "Abu Sufian,S"]
[Result "1-0"]
[WhiteElo "2468"]
[BlackElo "2278"]
[EventDate "2006.03.10"]

1. e4 c5 2. Nf3 d6 3. d4 cxd4 4. Nxd4 Nf6 5. Nc3 a6 6. Be2 e6 7. O-O Be7 8.
f4 Qc7 9. Kh1 O-O 10. Qe1 Nc6 11. Be3 Nxd4 12. Bxd4 b5 13. a3 Bb7 14. Qg3
Rad8 15. Rae1 Bc6 16. Bd3 Qb7 17. Qh3 g6 18. f5 e5 19. Be3 a5 20. Bg5 b4
21. Nd1 d5 22. exd5 Nxd5 23. Bxe7 Qxe7 24. Qg3 f6 25. fxg6 h6 26. Nf2 Kg7
27. Ng4 h5 28. Nxe5 fxe5 29. Rf7+ Rxf7 30. gxf7+ Kxf7 31. Qg6+ Kf8 32. Qxc6
Nf4 33. Qf3 h4 34. axb4 axb4 35. b3 Qf6 36. Rf1 Rd4 37. Qb7 Qe7 38. Qc8+
Kg7 39. Qg4+ Kh8 40. Bc4 Rd8 41. h3 Qf6 42. Kh2 Kh7 43. Ra1 Rd6 44. Ra7+
Kh6 45. Rf7 1-0

[Event "32nd ch-BAN"]
[Site "Dhaka BAN"]
[Date "2006.03.21"]
[Round "11"]
[White "Abdulla,AlR"]
[Black "Ahmed,SN"]
[Result "1-0"]
[WhiteElo "2477"]
[BlackElo "2321"]
[EventDate "2006.03.10"]

1. d4 Nf6 2. Nf3 e6 3. Bg5 Be7 4. Nbd2 c5 5. e3 cxd4 6. exd4 b6 7. Bd3 Bb7
8. O-O O-O 9. Re1 d6 10. Bf4 Nbd7 11. h3 Re8 12. c3 Qc7 13. a4 a6 14. Bh2
Bc6 15. Ne4 Nxe4 16. Bxe4 Nf6 17. Bd3 Qb7 18. Re3 b5 19. a5 Bd5 20. Qf1
Rec8 21. Nd2 Qc6 22. b3 Qd7 23. c4 Bc6 24. Qe2 Bf8 25. Bg3 g6 26. Rd1 Bh6
27. d5 exd5 28. Re7 Qd8 29. Bh4 Bg7 30. cxb5 Bxb5 31. Bxb5 axb5 32. b4 Rc7
33. Re3 Qd7 34. Qf3 Ne4 35. Nxe4 dxe4 36. Qxe4 Rac8 37. Qd5 Bf8 38. Bf6 Rc4
39. Rde1 Rc1 40. Rxc1 Rxc1+ 41. Kh2 Rc4 42. a6 Rxb4 43. a7 Qxa7 44. Re8 Qd7
45. Qa8 1-0

[Event "32nd ch-BAN"]
[Site "Dhaka BAN"]
[Date "2006.03.21"]
[Round "11"]
[White "Murshed,N"]
[Black "Reefat,S"]
[Result "1/2-1/2"]
[WhiteElo "2460"]
[BlackElo "2478"]
[EventDate "2006.03.10"]

1. d4 e6 2. Nf3 Nf6 3. Bg5 c5 4. e3 Be7 5. Nbd2 b6 6. c3 Bb7 7. Bd3 h6 8.
Bf4 d6 9. h3 Nbd7 10. Nc4 Qc7 11. a4 O-O 12. O-O Rad8 13. Qe2 Ne4 14. Nfd2
Nxd2 15. Nxd2 e5 16. Bh2 Rfe8 17. dxe5 Nxe5 18. Bb5 Nc6 19. Rfd1 Qc8 20. e4
a6 21. Bc4 Na5 22. Ba2 Bf6 23. Qg4 Be5 24. Bxe5 dxe5 25. Qe2 Re7 26. Nf1
Red7 27. Rxd7 Qxd7 28. Bc4 Nxc4 29. Qxc4 Qd3 30. Qxd3 Rxd3 31. a5 b5 32. f3
Bc8 33. Kf2 Be6 34. Ke2 Rd6 35. Ne3 Kf8 36. Rc1 Ke7 37. b3 Kd7 38. c4 Kc6
39. Nd5 bxc4 40. bxc4 Rd7 41. Ke3 Rb7 42. Nb6 g5 43. h4 Rb8 44. hxg5 hxg5
45. Rh1 Rd8 46. Rh5 Rd1 47. Rxg5 Re1+ 48. Kd3 Ra1 49. Nd5 Kd6 50. g3 Rxa5
51. f4 Ra3+ 52. Kd2 exf4 53. gxf4 Rf3 54. Ke2 Rh3 55. e5+ Kc6 56. Ne3 Rh4
57. Kf3 Rh3+ 58. Ke4 Rh4 59. Rg1 a5 60. Nd5 Rh5 61. Ne3 Kb6 62. Ra1 Ka6 63.
f5 Rh4+ 64. Kd3 Rd4+ 65. Kc3 Re4 66. Kd3 Rd4+ 67. Kc3 Re4 1/2-1/2

[Event "32nd ch-BAN"]
[Site "Dhaka BAN"]
[Date "2006.03.21"]
[Round "11"]
[White "Hossain,D"]
[Black "Rahman,SM"]
[Result "1-0"]
[WhiteElo "2136"]
[BlackElo "2273"]
[EventDate "2006.03.10"]

1. c4 e5 2. Nc3 Nf6 3. d3 d5 4. cxd5 Nxd5 5. Qb3 Nb6 6. Nf3 Nc6 7. g3 Be6
8. Qd1 Be7 9. Bg2 O-O 10. O-O f6 11. Be3 Qe8 12. Nd2 Qf7 13. Nde4 Nd7 14.
f4 Qg6 15. f5 Bxf5 16. Qb3+ Kh8 17. Qxb7 Nb4 18. Rac1 c5 19. a3 Rab8 20.
Qc7 Rfc8 21. Qa5 Nc6 22. Qa6 Nd4 23. Bxd4 cxd4 24. Nd5 Rxc1 25. Rxc1 Bf8
26. b4 Bg4 27. Qxa7 Qf7 28. Rc7 Rd8 29. h3 Be6 30. Nb6 Qe8 31. Nxd7 Rxd7
32. Nc5 Rxc7 33. Qxc7 Bf7 1-0

[Event "32nd ch-BAN"]
[Site "Dhaka BAN"]
[Date "2006.03.21"]
[Round "11"]
[White "Hasan Md,E"]
[Black "Rahman,Zia"]
[Result "0-1"]
[WhiteElo "2147"]
[BlackElo "2557"]
[EventDate "2006.03.10"]

1. e4 e6 2. d4 d5 3. e5 c5 4. c3 Nc6 5. Nf3 Bd7 6. Be2 Nge7 7. Na3 Nf5 8.
Nc2 cxd4 9. cxd4 Qa5+ 10. Kf1 Qb6 11. g4 Nfe7 12. Nh4 Ng6 13. Ng2 f6 14.
exf6 gxf6 15. h4 Bd6 16. Bh6 Rg8 17. h5 Nge7 18. Be3 Na5 19. b3 Bb5 20. Kg1
Kd7 21. Nce1 f5 22. g5 f4 23. Nxf4 Rxg5+ 24. Nfg2 Rg7 25. h6 Bxe2 26. Qxe2
Rg6 27. Kf1 Nf5 28. Nf3 Nc6 29. Rd1 Rf8 30. Ngh4 Nxe3+ 31. Qxe3 Qa6+ 32.
Ke1 Bb4+ 33. Nd2 Rg4 34. f3 Nxd4 35. Kf2 Nc2 0-1

[Event "32nd ch-BAN"]
[Site "Dhaka BAN"]
[Date "2006.03.21"]
[Round "11"]
[White "Abdul,Mal"]
[Black "Hossain,Enay"]
[Result "1-0"]
[WhiteElo "2233"]
[BlackElo "2110"]
[EventDate "2006.03.10"]

1. e4 e5 2. Nf3 Nc6 3. d4 exd4 4. Bc4 Be7 5. c3 Nf6 6. e5 Ne4 7. Bd5 Ng5 8.
Nxg5 Bxg5 9. Qh5 O-O 10. Qxg5 dxc3 11. Qxd8 Rxd8 12. Nxc3 Nxe5 13. O-O c6
14. Bf4 Nd3 15. Bc7 Re8 16. Bc4 Nc5 17. Bd6 Ne6 18. a4 b6 19. b4 Nd4 20.
Rfd1 Nf5 21. g4 Nh4 22. Bg3 Nf3+ 23. Kg2 Ng5 24. f4 Ne6 25. Rd6 Nf8 26. Kf2
Bb7 27. a5 b5 28. Bd3 Re6 29. f5 Re7 30. a6 Bc8 31. Ne4 h6 32. h4 f6 33.
Bc2 Kf7 34. Nc5 Ke8 35. Bf4 Nh7 36. Bb3 Kd8 37. Bg8 Nf8 38. g5 hxg5 39.
hxg5 fxg5 40. Bxg5 Ke8 41. Re1 Rxe1 42. Kxe1 Rb8 43. Rd3 Rb6 44. Re3+ Ne6
45. fxe6 d6 46. Bf7+ 1-0

[Event "32nd ch-BAN"]
[Site "Dhaka BAN"]
[Date "2006.03.22"]
[Round "12"]
[White "Abu Sufian,S"]
[Black "Hossain,Enay"]
[Result "1-0"]
[WhiteElo "2278"]
[BlackElo "2110"]
[EventDate "2006.03.10"]

1. e4 d5 2. exd5 Qxd5 3. Nc3 Qd8 4. d4 Nc6 5. d5 Nb8 6. Bf4 a6 7. a4 Nf6 8.
Nf3 Bg4 9. h3 Bh5 10. g4 Bg6 11. Ne5 Nbd7 12. Bg2 Nxe5 13. Bxe5 h5 14. g5
Nd7 15. Bf4 Nb6 16. d6 c6 17. O-O e6 18. Qe2 Nd7 19. a5 Bf5 20. b4 g6 21.
Rad1 Bg7 22. Na4 O-O 23. c4 Re8 24. Qd2 e5 25. Be3 e4 26. Nb6 Rb8 27. Nxd7
Qxd7 28. Kh2 Re6 29. Bf4 Rbe8 30. Qe3 Be5 31. Bxe5 Rxe5 32. c5 Be6 33. h4
Bd5 34. Bh3 Qd8 35. Rg1 Kg7 36. Rg3 f5 37. gxf6+ Qxf6 38. Rdg1 Bf7 39. d7
Rf8 40. Qd4 Kh7 41. Rd1 Rd8 42. Rg5 Qf4+ 43. Rg3 Rd5 44. Qa1 Qxf2+ 45. Bg2
Rxd1 46. Qxd1 Bd5 47. Qc1 Qf6 48. Bh3 Qxh4 49. Qg5 Qxg5 50. Rxg5 Kg7 51.
Re5 Kf7 52. Kg3 g5 53. Rxg5 Be6 54. Rxh5 Bxh3 55. Rxh3 Ke6 56. Kf4 Kd5 57.
Rh7 Kd4 58. Kf5 e3 59. Ke6 e2 60. Rh1 Rh8 61. Re1 Kd3 62. Ke7 Kd2 63. Rxe2+
Kxe2 64. d8=Q Rxd8 65. Kxd8 Kd3 66. Kc7 Kc4 67. Kxb7 Kxb4 68. Kxc6 Kxa5 69.
Kb7 1-0

[Event "32nd ch-BAN"]
[Site "Dhaka BAN"]
[Date "2006.03.22"]
[Round "12"]
[White "Rahman,Zia"]
[Black "Abdul,Mal"]
[Result "1-0"]
[WhiteElo "2557"]
[BlackElo "2233"]
[EventDate "2006.03.10"]

1. Nf3 Nf6 2. c4 g6 3. d4 Bg7 4. g3 O-O 5. Bg2 d6 6. O-O Nbd7 7. Nc3 c6 8.
e4 e5 9. Rb1 a5 10. h3 exd4 11. Nxd4 Nc5 12. b3 Re8 13. Re1 Nfd7 14. Be3
Ne5 15. Re2 g5 16. Rd2 Qf6 17. f4 gxf4 18. gxf4 Bh6 19. Nde2 Qg7 20. Kh1
Ne6 21. Qg1 Kh8 22. fxe5 Rg8 23. Bxh6 Qxh6 24. Rxd6 Qh5 25. Qf2 Qxe5 26.
Rdd1 Rg7 27. Qf5 1-0

[Event "32nd ch-BAN"]
[Site "Dhaka BAN"]
[Date "2006.03.22"]
[Round "12"]
[White "Reefat,S"]
[Black "Hossain,D"]
[Result "1-0"]
[WhiteElo "2478"]
[BlackElo "2136"]
[EventDate "2006.03.10"]

1. e4 d6 2. d4 Nf6 3. Nc3 g6 4. Be3 Bg7 5. Qd2 O-O 6. Nf3 e5 7. dxe5 dxe5
8. Qxd8 Rxd8 9. Bc4 Re8 10. Ng5 Be6 11. Nxe6 fxe6 12. Nb5 Na6 13. f3 Bf8
14. O-O-O Kg7 15. g4 c6 16. Nd6 Bxd6 17. Rxd6 Nc7 18. g5 Ng8 19. Rd7+ Re7
20. Rhd1 Nd5 21. Rxe7+ Ndxe7 22. Rd7 b6 23. Bxe6 Kf8 24. Bd2 Ke8 25. Bc3 h6
26. h4 hxg5 27. hxg5 c5 28. Rc7 1-0

[Event "32nd ch-BAN"]
[Site "Dhaka BAN"]
[Date "2006.03.22"]
[Round "12"]
[White "Haque,R1"]
[Black "Murshed,N"]
[Result "0-1"]
[WhiteElo "2193"]
[BlackElo "2460"]
[EventDate "2006.03.10"]

1. Nf3 d5 2. d3 Nf6 3. Bg5 Nbd7 4. Nbd2 e5 5. e4 d4 6. Be2 Be7 7. O-O O-O
8. Nc4 Ne8 9. Bd2 f6 10. c3 c5 11. a4 Nd6 12. Qb3 Nxc4 13. Qxc4+ Kh8 14.
cxd4 cxd4 15. Rfc1 Nc5 16. Ra3 Be6 17. Qc2 a5 18. Bd1 Qb6 19. Qb1 Rfc8 20.
Ra1 Bb3 21. Bc2 Bxc2 22. Qxc2 Rc6 23. Qd1 Nxd3 24. Rxc6 Qxc6 25. Qb3 Nc5
26. Qf7 Qe6 27. Qxe6 Nxe6 28. Rc1 Nc5 29. Be1 Kg8 30. Nd2 Nd3 31. Rc7 Bd8
0-1

[Event "32nd ch-BAN"]
[Site "Dhaka BAN"]
[Date "2006.03.22"]
[Round "12"]
[White "Ahmed,SN"]
[Black "Hasan,Me"]
[Result "1-0"]
[WhiteElo "2321"]
[BlackElo "2349"]
[EventDate "2006.03.10"]

1. e4 c5 2. Nf3 d6 3. d4 cxd4 4. Nxd4 Nf6 5. Nc3 a6 6. Bg5 e6 7. f4 Qc7 8.
Bxf6 gxf6 9. Qd2 Nc6 10. O-O-O Bd7 11. Kb1 O-O-O 12. Be2 h5 13. Rhf1 Kb8
14. Nxc6+ Bxc6 15. Qd4 Be7 16. f5 Rc8 17. Bc4 Bd7 18. Bb3 Qc5 19. Qd3 Qe5
20. Qh3 Bd8 21. Qh4 Be7 22. Nd5 Bd8 23. Ne3 Bb5 24. Rfe1 Ba5 25. c3 Bb6 26.
a4 Bxe3 27. Rxe3 Bc4 28. Bc2 exf5 29. Rf3 fxe4 30. Bxe4 Rhe8 31. Bc2 Qe2
32. Rf2 Qe3 33. Qxf6 Rcd8 34. b3 Be6 35. Kb2 Qc5 36. Rfd2 Rd7 37. Qf4 Rc8
38. Qd4 Qc7 39. Be4 d5 40. Bf3 Qxh2 41. Qe3 h4 42. c4 d4 43. Rxd4 Rxd4 44.
Rxd4 Qg3 45. Qe4 Qf2+ 46. Ka3 Rc7 47. Qxh4 Qg1 48. Qd8+ Bc8 49. Rd1 Qc5+
50. Ka2 b5 51. Qd5 Qxd5 52. Bxd5 bxa4 53. b4 Bb7 54. Bxb7 Kxb7 55. Rd4 a5
56. b5 Kb6 57. Ka3 Kc5 58. Rf4 Re7 59. Kxa4 Re1 60. Rf5+ Kxc4 61. Kxa5 Rg1
62. Rf2 Kc5 63. Rc2+ Kd6 64. Kb6 Re1 65. Rd2+ 1-0

[Event "32nd ch-BAN"]
[Site "Dhaka BAN"]
[Date "2006.03.22"]
[Round "12"]
[White "Hossain,Enam"]
[Black "Abdulla,AlR"]
[Result "1-0"]
[WhiteElo "2468"]
[BlackElo "2477"]
[EventDate "2006.03.10"]

1. e4 Nc6 2. Nf3 e5 3. Bb5 Nd4 4. Nxd4 exd4 5. O-O Bc5 6. Bc4 d6 7. d3 Ne7
8. Bg5 O-O 9. Qh5 Be6 10. Qh4 Re8 11. Bxe6 fxe6 12. f4 Qd7 13. Rf3 Ng6 14.
Qh5 Qf7 15. Rg3 Rf8 16. Qg4 Ne5 17. Qh3 Ng6 18. Nd2 Nxf4 19. Bxf4 Qxf4 20.
Qxe6+ Kh8 21. Nf3 Rf6 22. Qe7 Rf7 23. Qg5 Raf8 24. Qxf4 Rxf4 25. Re1 Bb6
26. e5 dxe5 27. Rxe5 c6 28. Re7 R4f7 29. Rxf7 Rxf7 30. Rg4 Rf5 31. Re4 h6
32. Re5 Rf7 33. Kf1 Bc7 34. Re8+ Kh7 35. Ke2 Bf4 36. h4 Bg3 37. b4 Bd6 38.
a3 c5 39. b5 Bg3 40. a4 b6 41. Re6 Kg8 42. Rc6 Re7+ 43. Kd1 Kf7 44. a5 Bc7
45. axb6 Bxb6 46. Nd2 Re6 47. Rxe6 Kxe6 48. Ke2 h5 49. Kf3 Ke5 50. g4 g6
51. Ne4 Bd8 52. gxh5 gxh5 53. Ng3 Bxh4 54. Nxh5 Bg5 55. Ng3 Kd5 56. Ne4 Bc1
57. Kg4 c4 58. Kf5 cxd3 59. cxd3 Ba3 60. Kf6 Bb4 61. Kf5 Be7 62. Kf4 Bb4
63. Kf3 Ke5 64. Ke2 Kf4 65. Kd1 Ke5 66. Kc2 Kd5 67. Kb3 Be7 68. Ka4 Bd8 69.
Kb4 Bc7 70. Nf6+ Ke6 71. Ne8 Bb6 72. Kc4 Ke5 73. Ng7 Bd8 74. Kc5 Be7+ 75.
Kc6 Ba3 76. Ne8 Kf4 77. Kd5 Ke3 78. Kc4 Bf8 79. Nc7 Bg7 80. Nd5+ Kd2 1-0